Fertilización agrícola.

Guardado en:
Detalles Bibliográficos
Autor principal: García Fernández, José Luis
Formato: Libro
Lenguaje:español
Publicado: Zaragoza, España Agrociencia 1969
Edición:Segunda edición
Materias:
Etiquetas: Agregar Etiqueta
Sin Etiquetas, Sea el primero en etiquetar este registro!

MARC

LEADER 00000nam a2200000 a 4500
001 UCR0086
003 CL-VaPUC
005 20241009104635.0
008 971129e19690000SP |||||||||||||||||spa|d
999 |c 263741  |d 263739 
040 |c Pontificia Universidad Católica de Valparaíso 
082 0 4 |a 631.81 GAR 1969  |2 21 
100 |a García Fernández, José Luis  |9 544027 
245 1 0 |a Fertilización agrícola. 
250 |a Segunda edición 
260 0 3 |a Zaragoza, España  |b Agrociencia  |c 1969 
300 |a 200 páginas 
583 |a last modification  |c 19971129 00:00:00  |k Rodrigo Vera 
650 0 |a Fertilizantes  |9 262833 
650 0 |a Nutrición vegetal  |9 356885 
650 7 |a EDAFOLOGIA  |2 CL-VaPUC  |9 395528 
650 0 |a Abonos  |9 259682 
650 7 |a HUMUS  |2 CL-VaPUC  |9 264367 
942 |c BK  |2 ddc 
945 |d 19971129 00:00:00  |a rleighto